MARC details
| 000 -LEADER |
| fixed length control field |
01070cab a2200193 4500 |
| 001 - CONTROL NUMBER |
| control field |
##L134462 |
| 008 - FIXED-LENGTH DATA ELEMENTS--GENERAL INFORMATION |
| fixed length control field |
060613n2006 000 0 eng u |
| 035 ## - SYSTEM CONTROL NUMBER |
| System control number |
(Sirsi) u134462 |
| 041 0# - LANGUAGE CODE |
| Language code of text/sound track or separate title |
eng |
| 245 00 - TITLE STATEMENT |
| Title |
EG finance |
| Remainder of title |
JLL monthly prime yields |
| 260 ## - PUBLICATION, DISTRIBUTION, ETC. |
| Date of publication, distribution, etc. |
2006 |
| 490 #0 - SERIES STATEMENT |
| Series statement |
Estates Gazette |
| Volume/sequential designation |
(0631) 5 August 2006, 32(1) |
| 520 ## - SUMMARY, ETC. |
| Summary, etc. |
Reports stable yields although downward pressure remains. Investment in the office sector shows no sign of abating, and interest is being maintained in industrial property by an improvement in occupier demand and rental growth outlook. Retail investors are focusing on retail warehousing with open consents. Details the latest UK prime yields for the retail, office and industrial sectors. Yields are generated by Jones Lang LaSalle (JLL), based on evidence derived from the latest deals by JLL and other agents. Table and graphs. |
| 590 ## - LOCAL NOTE (RLIN) |
| Local note |
IKA220806 |
| 650 24 - SUBJECT ADDED ENTRY--TOPICAL TERM |
| Topical term or geographic name entry element |
JLL MONTHLY PRIME YIELDS |
| 651 #4 - SUBJECT ADDED ENTRY--GEOGRAPHIC NAME |
| Geographic name |
United Kingdom |
| Chronological subdivision |
|
| 690 ## - LOCAL SUBJECT ADDED ENTRY--TOPICAL TERM (OCLC, RLIN) |
| Topical term or geographic name as entry element |
PROPERTY-COMMERCIAL PROPERTY-COMMERCIAL PROPERTY FINANCE AND INVESTMENT |
| 942 ## - ADDED ENTRY ELEMENTS (KOHA) |
| Suppress in OPAC |
0 |